| 000 | 01964nam a2200301 i 4500 | ||
|---|---|---|---|
| 005 | 20250405174607.0 | ||
| 007 | ta | ||
| 008 | 190415s2024 000 0 eng d | ||
| 040 |
_aCO-CtgCURN _bspa _ccoctgcurn _erda |
||
| 082 | 0 |
_aAPH 2024 _bZ945 |
|
| 100 | 1 |
_aZuñiga Malvaceda, Hugo Armando, _eauthor. _4aut |
|
| 245 | 1 | 0 |
_aDiseño de un protocolo prehospitalario para el manejo de pacientes bajo sustancias psicoactivas / _cHugo Armando Zuñiga Malvaceda; Jorge Isaac Donado Garcia; Andres Felipe Meza De Horta; Angel De Jesus Perez Cervantes; docente Visay Paola Garcia Morelos. |
| 260 |
_aCartagena de Indias : _bCorporación Universitaria Rafael Núñez, _c2024. |
||
| 300 | _a59 hojas. | ||
| 336 |
_atext _btxt _2rdacontent |
||
| 337 |
_aunmediated _bn _2rdamedia |
||
| 338 |
_avolume _bnc _2rdacarrier |
||
| 504 | _aTrabajo de grado (Tecnologo en Atencion Prehospitalaria). Corporación Universitaria Rafael Nuñez. Facultad de Ciencias de la Salud. Tecnologia en Atencion Prehospitalaria, 2024. | ||
| 520 | _a"El Abuso de Sustancias Psicoactivas es un problema de Salud Pública que está en constante aumento y que está teniendo un impacto significativo en el Sistema de Salud a nivel mundial. Los Tecnólogos en Atención Prehospitalaria, en su rol de primeros respondedores en situaciones de emergencia, se enfrentan regularmente a pacientes que están bajo los efectos de estas sustancias." | ||
| 650 | 1 | 4 |
_aAtención prehospitalaria _vTesis y disertaciones academicas. |
| 700 | 1 | _aDonado Garcia, Jorge Isaac. | |
| 700 | 1 | _aMeza De Horta, Andres Felipe. | |
| 700 | 1 | _aPérez Cervantes, Angel De Jesus. | |
| 700 | 1 |
_aGarcia Morelos, Visay Paola, _edocente. |
|
| 856 |
_uhttps://unicurn.sharepoint.com/:b:/s/biblioteca/EfytYT2eo1VGqiOXFzSOyA0BSqvAfD-bVuiE4fkDVt8_gw?e=eoaptl _zClick aqui para ver el recurso en texto completo |
||
| 942 |
_2ddc _cTG _hAPH 2024 _iZ945 |
||
| 999 |
_c29508 _d29508 |
||